000 00528nam a2200169Ia 4500
003 IN-BaIIA
008 211028s9999 xx 000 0 eng d
020 _a978-0-07-160616-5
040 _cIIA Library
080 _a681.326.32
_bSAN
100 _aSandhu, Harprit Singh
_934197
245 0 _aMaking PIC microcontroller instruments and controllers
_cHarprit Singh Sandhu
260 _aNew York
_bMcGraw-Hill
_c2009
300 _axv,360p.
650 _aMicrocontrollers
_927177
942 _cBK
999 _c17966
_d17966